00785nam a2200229 a 4500001001300000003000900013005001700022008004100039020000900080082001700089245006400106260003300170300000800203500003500211650002200246710005300268902000800321942000700329952010100336952010100437999001700538nice12345678IN_TiNIC20260116014310.0080414s2000 no a grd 000 0 eng  ac7500a297.63bNAI2 aMuhammad Various World in the Religion Scripture, NO.1 (CD) aNo Pleace bNo Pleace c2000 a00p aincludes index and biblioraphy aMuhammad, Prophet2 aMuhammad Various World in the Religion Scripture bSRS cND 00104070aHMIbHMId2018-09-10g75.00l0o297.63 NAI2 P.1p022293r0000-00-00w2026-01-16yVM 00104070aHMIbHMId2018-09-10g75.00l0o297.63 NAI2 P.2p022294r0000-00-00w2026-01-16yVM c14704d14704